| 000 | 01096nam a22003137a 4500 | ||
|---|---|---|---|
| 003 | OSt | ||
| 005 | 20250610183536.0 | ||
| 007 | ta | ||
| 008 | 250610b |||||||| |||| 00| 0 sp d | ||
| 040 |
_aCUNOROC _bspa _cCUNOROC _dCUNOROC |
||
| 041 |
_aspa _dspa _espa _gspa _hspa |
||
| 082 | _aT 24 09 | ||
| 100 | 1 | 0 |
_aMendoza Vicente, Daniel René _eAutor _913075 |
| 245 | 1 | 0 |
_aCriterios que orientan la declaración judicial de paternidad y filiación./ _cDaniel René Mendoza Vicente./ _hDigital.-- |
| 260 |
_aHuehuetenango, Guatemala: _bCUNOROC; _cc2016 |
||
| 300 |
_a113 páginas: _bil; _c21 cm. |
||
| 650 |
_aFamilia _95603 |
||
| 650 |
_aDerecho de familia _96701 |
||
| 650 |
_aParentesco _913076 |
||
| 650 |
_aFiliación _913077 |
||
| 650 |
_aComputación del parentesco _913078 |
||
| 650 |
_aConsanguinidad _913079 |
||
| 650 |
_aAfinidad _913080 |
||
| 650 |
_aFiliación matrimonial _913060 |
||
| 650 |
_aFiliación extramatrimonial _913061 |
||
| 650 |
_aPaternidad _913059 |
||
| 856 | _uhttps://drive.google.com/file/d/176xmUA3aw0y72rV4Ng5jLgk8k4PHz5QX/view?usp=sharing | ||
| 942 |
_2ddc _cTESIS _n0 |
||
| 999 |
_c5385 _d5385 |
||